| 000 | 00887nam a2200277 i 4500 | ||
|---|---|---|---|
| 001 | bgj | ||
| 100 | 1 | _aSELIGER, Herbert W. | |
| 245 | 1 | 0 |
_aSecond Language Research Methods / _cHerbert W. Seliger ; Elana Shohamy. |
| 250 | _a[3rd imprint]. | ||
| 260 |
_aOxford : _bOxford University Press, _c1995. |
||
| 300 |
_aVI, 270 pp : _bfig. ; _c22 cm. |
||
| 490 | 1 | _aOxford Applied Linguistics | |
| 500 | _a1st published in 1989. | ||
| 504 | _aReferences p. 261-266 and after each chapter. | ||
| 505 | _aIncludes index. | ||
| 650 | 9 |
_aLanguage and languages _xStudy and teaching _xResearch _xMethods |
|
| 650 | 9 | _aLanguage acquisition | |
| 700 | 1 |
_aSHOHAMY, Elana. _eco-author |
|
| 830 | _aOxford Applied Linguistics | ||
| 020 | _a0194370674 (pbk) | ||
| 040 | _cBPK | ||
| 041 | 0 | _aeng | |
| 920 | _a0-19-437067-4 (pbk) | ||
| 942 | _cKS | ||
| 008 | s uk f |000 0 eng | ||
| 999 |
_c47998 _d47998 |
||
| 856 |
_uhttp://koha.tu.koszalin.pl/cgi-bin/koha/opac-detail.pl?biblionumber=47998 _yKatalog online BPK |
||